Регионална библиотека "Любен Каравелов" - Русе

Човекът с жълтата чанта (Запис номер 164766)

MARC детайли
000 -Лидер
Контролно поле с фиксирана дължина nam a22 a 4500
003 - Код на организацията, давaща контролен номер
Контролно поле BLK
005 - Дата и час на последна редакция
Контролно поле 20220609113225.0
008 - Елементи от данни с фиксирана дължина
fixed length control field 180410b bul|||||r ||||||| ||bul||
010 ## - Наследен системен номер
LC control number KNG00172310000
040 ## - Източник на каталожния запис
Идентификатор на билиотеката - собственик на записа BLK
041 ## - Код за език
Код за езика на текст/звукозапис или на отделно заглавие Български
Код за езика КДБФ Български
080 ## - УДК
Текстов определител УДК Немска литература
УДК код - определител по УДК 821.112.2
УДК определител -3
УДК - код + определител 821.112.2-3
100 1# - Редна дума - Автор
Автор Грабнер, Хасо
Авторска отговорност първи автор
R(LIN) 55628
139 ## - Редно поле
Редна дума Грабнер, Хасо
Авторски знак Гра - Г 74
245 10 - Сведения за заглавието
Заглавие Човекът с жълтата чанта
Подзаглавни данни Роман
Редно поле (дума) Хасо Грабнер; прев. от нем. Елена Попова.
257 ## - Страна на издаване
Страна на създаване/издаване България
260 ## - Област на издателските данни
Име на издателя, разпространителя и проч. Държ. воен. изд.
Година на издаване 1967
Място на издаване, разпространение и проч. София
300 ## - Физическа характеристика
Страници 168 с.
Размери/Мащаб 21 см
380 ## - Жанр
Жанр Худож. лит.
490 ## - СЕРИИ (Колекции)
Име на серия Героика и приключения
9 (RLIN) 204782
700 1# - Други автори (авторска отговорност)
Лично име Попова, Елена
Автороска отговорност (Описва отношението между автора и произведението) прев. от нем.
9 (RLIN) 368538
852 ## - Местоположение
Форматна сигнатура Цб 42925
Фондова буква Хранилище
856 4# - Електронен адрес и достъп
Електронен формат pdf - файл
856 4# - Електронен адрес и достъп
Електронен формат pdf - файл
999 ## - СИСТЕМНИ КОНТРОЛНИ НОМЕРА
Koha biblionumber 164766
Koha biblioitemnumber 164766
942 ## - АРТИКУЛИ
Вид на библиотечния материал Книги
Скрит в OPAC Не
Периодичен библиозапис Да
944 ## - СЪЗДАВАНЕ И РЕДАКЦИЯ на ЗАПИСА
Създаване/Редакция Създаване
Дата на регистрацията/редакция 27.02.2015
Служител, извършил регистрацията/редакцията Ренета_Константинова
944 ## - СЪЗДАВАНЕ И РЕДАКЦИЯ на ЗАПИСА
Създаване/Редакция Редакция
Дата на регистрацията/редакция 26.09.2017
Служител, извършил регистрацията/редакцията Вася_Ганчева
999 ## - СИСТЕМНИ КОНТРОЛНИ НОМЕРА
Koha biblioitemnumber 164766
Наличности
Код за отписване Код за изгубен артикул Източник на класификационната схема Код за повреда Коз за рестрикции Код за отдаване Артикулен № Име на библиотеката - собственик Име на библиотеката, в която се намира в момента Статус (Текущо местоположение) Дата на вписване в системата Местоположение - отдел Цена в лева Инвентарен номер Систематично азбучна сигнатура Баркод Номер на екземпляра Цена в евро Служебна бележка Служебен тип на артикула Бележка за публиката
  Не е изгубен Universal Decimal Classification Не е повреден само за читалня ползва се в читалня 277478 Регионална библиотека "Любен Каравелов" Русе Регионална библиотека "Любен Каравелов" Русе Хранилище 1967-01-01 Хранилище 0.45 16269/67 Цб 42925 900000099271 1 0.23 Дост: Dp Вид: Д N: стар фонд Дата: 01.01.1967 Книги  
Изтеглен Не е изгубен Universal Decimal Classification Не е повреден без рестрикции заемане за дома 277479 Регионална библиотека "Любен Каравелов" Русе Регионална библиотека "Любен Каравелов" Русе Заемна - подръчен фонд 1967-01-01 Заемна - подръчен фонд   16957/67 П 830/Г 74 16957/67 2 0.00 Вид: Сф N: стар фонд Дата: 01.01.1967 Книги  
Изтеглен Не е изгубен Universal Decimal Classification Не е повреден без рестрикции заемане за дома 277480 Регионална библиотека "Любен Каравелов" Русе Регионална библиотека "Любен Каравелов" Русе Заемна - подръчен фонд 1967-01-01 Заемна - подръчен фонд   16958/67 П 830/Г 74 16958/67 3 0.00 Вид: Сф N: стар фонд Дата: 01.01.1967 Книги  
Изтеглен Не е изгубен Universal Decimal Classification Не е повреден без рестрикции заемане за дома 277481 Регионална библиотека "Любен Каравелов" Русе Регионална библиотека "Любен Каравелов" Русе Заемна - подръчен фонд 1967-01-01 Заемна - подръчен фонд   16959/67 П 830/Г 74 16959/67 4 0.00 Вид: Сф N: стар фонд Дата: 01.01.1967 Книги  
Изтеглен Не е изгубен Universal Decimal Classification Не е повреден без рестрикции заемане за дома 277482 Регионална библиотека "Любен Каравелов" Русе Регионална библиотека "Любен Каравелов" Русе Заемна - подръчен фонд 1967-01-01 Заемна - подръчен фонд   16963/67 П 830/Г 74 16963/67 5 0.00 Вид: Сф N: стар фонд Дата: 01.01.1967 Книги  
Изтеглен Не е изгубен   Не е повреден без рестрикции заемане за дома 277483 Регионална библиотека "Любен Каравелов" Русе Регионална библиотека "Любен Каравелов" Русе   1967-01-01 Заемна - подръчен фонд 0.45 53076 П 830/Г 74 53076 6 0.23 Вид: Сф N: стар фонд Дата: 01.01.1967 Книги Отч.N: 19/2018 , Дата: 22.03.2018
Изтеглен Не е изгубен   Не е повреден без рестрикции заемане за дома 277484 Регионална библиотека "Любен Каравелов" Русе Регионална библиотека "Любен Каравелов" Русе   1967-01-01 Детски отдел 0.45 17028/67 ДХ 830/Г 74 17028/67 7 0.23 Вид: Сф N: стар фонд Дата: 01.01.1967 Дата инв: 08.09.2015 Бележки инв: Д2015 Книги Отч.N: 34/2017 , Дата: 05.09.2017
Vip Innovations Ltd, Rousse, Bulgaria 2025